000 00273nam a2200109Ia 4500
001 1276013
005 20260417160439.0
008 260417s9999 xx 000 0 und d
020 _a9786256309234
245 0 _aBeş Farklı Ayı
_cCatherine Rayner
260 _bKetebe Çocuk
999 _c1276013
_d1276013